Metodika využívania videokonferencií vo vzdelávaní

Guardado en:
Detalles Bibliográficos
Autor principal: Kultan, Jaroslav, 1960-
Formato: Capítulo de libro
Lenguaje:eslovaco
Materias:
Etiquetas: Agregar Etiqueta
Sin Etiquetas, Sea el primero en etiquetar este registro!

MARC

LEADER 00000naa$a2200000$$$4500
001 0127034
005 20240502072440.5
041 0 |a slo 
044 |a SK 
245 1 0 |a Metodika využívania videokonferencií vo vzdelávaní  |c Jaroslav Kultan 
610 2 0 |a vzdelávanie 
610 2 0 |a vyučovanie 
610 2 0 |a vzdelávanie dištančné 
610 2 0 |a učitelia 
610 2 0 |a študenti 
610 2 0 |a technológie informačné 
610 2 0 |a technológie komunikačné 
610 2 0 |a konferencie elektronické 
100 1 |a Kultan, Jaroslav, 1960-